00555nam a2200205 a 4500001001300000003000900013005001700022008004100039020002600080082001700106100001800123245004500141260004600186300000900232500003500241505002400276650001800300650001300318700001800331nice12345678IN_TiNIC20260116012252.0050524s1989 newa grp 000 0 eng  a0671114 c536.5500a955.054bWRI aWright, Robin aIn the Name of Godb the Khomeini Decade aNew York bWashington Square Press c1989 a284p aincludes index and biblioraphy2 aBibliography, Index aIran-Politics aKhomeini1 aWright, Robin